000
00196 a2200097 4500
020
_a
9789929633018
041
_a
spa
100
_a
Marti ,Jose
245
_a
Poema La niਠde guatemala
942
_c
BK
999
_c
10572
_d
10572